| 000 | 01147njm a22003017a 4500 | ||
|---|---|---|---|
| 005 | 20100913100347.0 | ||
| 007 | sd ammalaaahaa | ||
| 008 | 100913t xxu||||| |||| 00| 0 hin d | ||
| 028 |
_aBOE. 2052 _bODEON |
||
| 035 | _aGR-02019 | ||
| 040 | _aSED/VEN | ||
| 100 |
_aKapoor, Mehendra _919606 |
||
| 245 |
_aPurab aur pachhim / _cby Mahendra Kapoor ...[at.el] ; music by Kalyanji Anandji _h[sound recording] : |
||
| 246 | _aपूरब और पच्छिम (महेंद्र कपूर) | ||
| 260 |
_aDum Dum, India _bODEON _c1970 |
||
| 300 |
_a1 sound disc [Gramophone record] : _banalog, 45 rpm _c7 in. _fGramophone record |
||
| 500 | _aBrief record. | ||
| 500 | _aODEON | ||
| 500 | _aBlack | ||
| 505 |
_a Part 1,2 Om jai jagdish hare-Aarti (Mahendra Kapoor) ओम जय जगदीश हरे -आरती _r |
||
| 650 |
_aClassical Music _xExcerpts _zIndia _919607 |
||
| 700 |
_aBrij Bhushan _91184 |
||
| 700 |
_aChittar, Shyama _919770 |
||
| 700 |
_aChorus _919758 |
||
| 700 |
_aKalyanji Anandji _919690 |
||
| 942 |
_2ddc _cGR |
||
| 999 |
_c45434 _d45434 |
||